Interstate 5 Exits Carlsbad to San Ysidro - Statistics

General Stats
  • This quiz has been taken 7 times
  • The average score is 21 of 66
Answer Stats
Hint Exit Number Exit % Correct
San Diego 20 Interstate 8
80%
San Ysidro 1A Camino de la Plaza
60%
San Diego 34 Del Mar Heights Road
60%
Encinitas 41B Encinitas Boulevard
60%
San Diego 27 Gilman Drive/La Jolla Colony Drive
60%
San Ysidro 1A Interstate 805
60%
San Diego 31 Interstate 805
60%
San Diego 28B La Jolla Village Drive
60%
Encinitas 43 Leucadia Boulevard
60%
San Diego 28A Nobel Drive
60%
San Diego 19 Old Town Avenue
60%
San Diego 18A Pacific Highway
60%
Carlsbad 47 Palomar Airport Road
60%
San Diego 30 Sorrento Valley Road
60%
Solana Beach 36 Via de la Valle
60%
San Diego 23 Balboa Avenue/Garnet Avenue
40%
Encinitas 40 Birmingham Drive
40%
San Diego 15C B Street/Pershing Drive
40%
Carlsbad 48 Cannon Road
40%
Carlsbad 50 Carlsbad Village Drive
40%
San Diego 22 Clairemont Drive/Mission Bay Drive
40%
Chula Vista 8B E Street
40%
San Diego 23A Grand Avenue/Garnet Avenue
40%
Chula Vista 8A H Street
40%
Carlsbad 44 La Costa Avenue
40%
Carlsbad 51A Las Flores Drive
40%
Solana Beach 37 Lomas Santa Fe Drive
40%
Encinitas 39 Manchester Avenue
40%
Encinitas 41A Santa Fe Drive
40%
San Diego 21 Sea World Drive/Tecolote Road
40%
Carlsbad 49 Tamarack Avenue
40%
National City 10 24th Street/Bay Marina Drive
20%
San Diego 13B 28th Street/National Avenue
20%
San Diego 16B 6th Avenue
20%
San Diego 13A California 15 North
20%
San Diego 16A California 163 North
20%
San Diego 26B California 52 East
20%
National City 9 California 54 East
20%
San Diego 33A California 56 East
20%
San Ysidro 3 California 905 East/Tocayo Avenue
20%
San Diego 15B California 94 East
20%
San Diego 32 Caramel Mountain Road
20%
San Diego 33B Caramel Valley Road
20%
San Diego 14A Cesar E. Chavez Parkway
20%
San Ysidro 4 Coronado Avenue
20%
San Diego 12 Division Street/Main Street/National City Boulevard
20%
San Diego 17 Front Street/2nd Avenue
20%
National City 11A Harbor Drive/Civic Center Drive
20%
San Diego 17A Hawthorn Street
20%
Chula Vista 7A L Street
20%
Chula Vista 5B Main Street
20%
Chula Vista 6 Palomar Street
20%
National City 11B Plaza Boulevard/8th Street
20%
Carlsbad 45 Pointsetta Lane/Aviara Parkway
20%
San Diego 20 Rosecrans Street
20%
San Ysidro 2 San Ysidro Boulevard
20%
San Diego 17B Sassafrass Street
20%
San Diego 23B Balboa Avenue East
0%
San Ysidro 5A California 75 North
0%
San Ysidro/Tijuana Doesn't Apply Federal 1
0%
San Diego 29 Genesse Avenue
0%
San Diego 15A Imperial Highway
0%
Chula Vista 7B J Street, Marina Parkway
0%
San Diego 26A La Jolla Parkway West
0%
San Ysidro 1B Via de San Ysidro
0%
San Diego 18B Wahington Street
0%
No matching quizzes found
Score Distribution
Percent of People with Each Score
Percentile by Number Answered
Your Score History
You have not taken this quiz